000 01133nac a22003137a 4500
001 BR8206605
003 BR-BrBNA
005 20240105115543.0
008 230509b bl.|||m| |||| 00| 0 por d
040 _aBR-BrBNA
_bpor
_cBiblioteca Nacional de Agricultura
072 _aL60; L40
090 _a8527 BR8206605
100 1 _aCunha, O.R. da
100 1 _aNascimento, F.P. do
110 1 _aMuseu Paraense Emilio Goeldi, Belem, PA (Brasil)
245 1 _aOfidios da Amazonia. 14 - as especies de Micrurus, Bothrops, Lanchesis e Crotalus do sul do Para e oeste do Maranhao, incluindo areas de cerrado deste estado (Ophidia: Elapidae e Viperidae)
260 3 _aBelem, PA (Brasil):
_c1982.
300 _a58 p.
490 _aBoletim do Museu Paraense Emilio Goeldi. Nova Serie. Zoologia (Brazil)
_vno. 112
_xISSN 0077-2232
500 _aSummaries (En, Pt); Bibliography p. 33-38 (55 ref.)
650 _aCOBRA
650 _aDISTRIBUICAO GEOGRAFICA
650 _aESTRUTURA ANIMAL
650 _aPARA
650 _aMARANHAO
650 _aCERRADO
909 _a202312
_bLúcia Elande
_c55
_dLúcia Elande
942 _2AGRIS
_n0
_cMS
999 _c275293
_d275293